30 Countries With Largest Active Military Reserve - Statistics

General Stats
  • This quiz has been taken 5,922 times
    3,396 since last reset
  • The average score is 18 of 30
Answer Stats
Reservists Country % Correct
1,100,000 USA
99%
2,300,000 China
98%
2,485,000 Russia
96%
2,143,000 India
94%
4,500,000 North Korea
91%
2,900,000 South Korea
87%
1,800,000 Brazil
83%
515,000 Pakistan
82%
1,800,000 Iran
81%
800,000 Egypt
74%
400,000 Indonesia
74%
528,500 Iraq
73%
630,000 Israel
68%
5,040,000 Vietnam
68%
1,100,000 Ukraine
66%
570,000 Syria
56%
515,000 Poland
51%
1,657,000 Taiwan
51%
400,000 Algeria
49%
2,280,000 Bangladesh
49%
296,300 Malaysia
48%
430,000 Philippines
37%
290,000 Belarus
36%
357,000 Finland
34%
438,000 Venezuela
31%
378,000 Kazakhstan
29%
280,700 Lebanon
26%
950,000 Singapore
26%
300,000 Azerbaijan
14%
302,500 Bulgaria
13%
No matching quizzes found
Score Distribution
Percent of People with Each Score
Percentile by Number Answered
Your Score History
You have not taken this quiz since the last reset